Učebnik kak sredstvo obučenija RKI na načaľnom urovne v nefilologičeskich vuzach

Informácie o učebniciach Raduga, Priglašenie v Rossiju, Da, Klass, ktoré sa používajú pri vyučovaní ruského jazyka. Využívanie učebnice Raduga pri vyučovaní ruského jazyka ako tretieho cudzieho na Ekonomickej univerzite v Bratislave. Ďalšie učebnice, ktoré sa využívajú pri vyučovaní ruského jazyka...

Descrizione completa

Salvato in:
Dettagli Bibliografici
Autore principale: Dziváková, Michaela, 1979-
Natura: Capitolo di libro
Lingua:russo
Soggetti:
Tags: Aggiungi Tag
Nessun Tag, puoi essere il primo ad aggiungerne!!

MARC

LEADER 00000naa$a2200000$$$4500
001 0161442
005 20240502083358.6
041 0 |a rus 
044 |a RU 
245 1 0 |a Učebnik kak sredstvo obučenija RKI na načaľnom urovne v nefilologičeskich vuzach  |c Michaela Dziváková 
520 |a Informácie o učebniciach Raduga, Priglašenie v Rossiju, Da, Klass, ktoré sa používajú pri vyučovaní ruského jazyka. Využívanie učebnice Raduga pri vyučovaní ruského jazyka ako tretieho cudzieho na Ekonomickej univerzite v Bratislave. Ďalšie učebnice, ktoré sa využívajú pri vyučovaní ruského jazyka na Slovensku. 
610 2 0 |a jazyky cudzie 
610 2 0 |a ruština 
610 2 0 |a učebnice 
610 2 0 |a vzdelávanie 
100 1 |a Dziváková, Michaela, 1979-